00153nam a2200061Ia 4500008004100000100001000041245004000051120527s9999 xx 000 0 und d aI.M.F aWorld economic outlook October 1994